000 00725nam a2200217 i 4500
001 65090
003 ES-MaACL
005 20250804044434.0
007 t|
008 040108s1922 gw ||||1| ger d
080 _a1(38)
130 4 _aDie Fragmente der Vorsokratiker.
_9139423
245 1 4 _aDie fragmente der Vorsokratiker /
_cgriechisch and deutsch von Hermann Diels ; zweiter band vierte auflage abdruck der dritten mit nochtragen.
260 _aBerlín :
_bWeidmannsche Buchhandlung,
_c1922.
300 _aXXXVIII, 345 p. ;
_c23 cm.
650 7 _aFilosofía griega
_2embne
_912849
650 4 _aPresocráticos.
_916385
700 1 _aDiels, Hermann.
_944597
852 4 _aES-MaACL
_9C-8124
999 _c65090
_d65090